| 000 | 00454nam a2200157 i 4500 | ||
|---|---|---|---|
| 001 | bg | ||
| 100 | 1 | _aSZUSTAKOWSKI, J. | |
| 245 | 0 |
_aPoradnik spawacza elektrycznego / _cJ. Szustakowski. |
|
| 250 | _aWyd.3 uakt. | ||
| 260 |
_aWarszawa, _c1981. |
||
| 040 | _cBPK | ||
| 041 | _apol | ||
| 942 | _cKS | ||
| 008 | s pl f |000 0 pol | ||
| 856 |
_uhttp://koha.tu.koszalin.pl/cgi-bin/koha/opac-detail.pl?biblionumber=20790 _yKatalog online BPK |
||
| 999 |
_c20790 _d20790 |
||